| 000 | 00420nam a2200133Ia 4500 | ||
|---|---|---|---|
| 008 | 240719s9999 xx 000 0 und d | ||
| 041 | _aeng | ||
| 082 | _a294.52 KRI | ||
| 100 | _aKriyananda, Swami | ||
| 245 | _aThe Hindu Way Of Awakening Its Revelations Its Symbols An Essential View Of Religion | ||
| 260 |
_aHaryana _bArrow Books _c1998 |
||
| 300 | _a392.; P. 23 Cm | ||
| 520 | _aGifted By : IMT Faculty Dr. Pawan Jain | ||
| 999 |
_c41286 _d41286 |
||